000 00403 a2200169 4500
001 189644
020 _a978-85-7406-401-7
040 _cMagnum
100 _aSilva, Maria Teresa Dos Santos
240 1 0 _aContos do arco-da-velha 2
_lpor
245 1 0 _aContos do arco-da-velha 2
300 _a63
362 0 _a2010
440 1 _aCompanhia das Letrinhas
697 _aLITERATURA INFANTO
942 _cBK
999 _c189644
_d189644